Zhodnotenie finančnej situácie vybraného podniku bakalárska práca

Na minha lista:
Detalhes bibliográficos
Autor principal: Demčáková, Petra
Autor Corporativo: Podnikovohospodárska fakulta EU so sídlom v Košiciach. Katedra finančného riadenia podniku
Outros Autores: Feranecová, Adela, 1986-
Formato: Livro
Idioma:eslovaco
Publicado em: Košice 2018
Tags: Adicionar Tag
Sem tags, seja o primeiro a adicionar uma tag!

MARC

LEADER 00000nbm a2200000 4500
001 0245735
005 20181018110104.7
041 0 |a slo 
044 |a SK 
245 1 0 |a Zhodnotenie finančnej situácie vybraného podniku  |b bakalárska práca  |c Petra Demčáková ; školiteľ: Adela Feranecová 
264 1 |a Košice  |c 2018 
300 |a 60 s. 
100 1 |a Demčáková, Petra 
700 1 |a Feranecová, Adela, 1986- 
710 2 |a Podnikovohospodárska fakulta EU so sídlom v Košiciach. Katedra finančného riadenia podniku